Retos al Estado: situaciones de seguridad complejas y poblaciones vulnerables /
En este artículo se enfoca la situación de colectividades identificadas frente a factores amenazas o desafíos contra la que llegan a considerar son sus opciones de vida y desarrollo comunitario. Se analiza, de esta manera, la seguridad, entendida en amplia perspectiva. Se hace referencia al caso de...
Guardat en:
| Autor principal: | |
|---|---|
| Format: | Text |
| Matèries: | |
| Etiquetes: |
Afegir etiqueta
Sense etiquetes, Sigues el primer a etiquetar aquest registre!
|
MARC
| LEADER | 00000 a a2200000 04500 | ||
|---|---|---|---|
| 001 | 44639 | ||
| 003 | |||
| 040 | |||
| 100 | |a García Gallegos, Bertha | ||
| 245 | |a Retos al Estado: |b situaciones de seguridad complejas y poblaciones vulnerables / |c Bertha García Gallegos | ||
| 520 | |a En este artículo se enfoca la situación de colectividades identificadas frente a factores amenazas o desafíos contra la que llegan a considerar son sus opciones de vida y desarrollo comunitario. Se analiza, de esta manera, la seguridad, entendida en amplia perspectiva. Se hace referencia al caso de las comunidades de Intag, cantón Cotacachí, provincia de Imbabura, en Ecuador, afectadas por la minería a gran escala y los procesos de movilización de los cuales han sido víctimas. | ||
| 590 | |a RRH/ENERO2014 | ||
| 650 | |a 1.SEGURIDAD | ||
| 650 | |a 2.MINERIA | ||
| 650 | |a 3.ESTADO | ||
| 650 | |a 4.PODER | ||
| 650 | |a 5.GRUPOS VULNERABLES | ||
| 650 | |a 6.CONFLICTOS SOCIALES | ||
| 650 | |a 7.ECUADOR | ||
| 773 | |g páginas 273-294 : gráfico | ||
| 999 | |c 36492 |d 36492 | ||
